000 00336nam a2200145Ia 4500
008 150201s2004 xx 000 0 und d
082 _a617.6
_bC2004V
100 _aVINAY
245 _aHAND BOOK OF COMPLETE DENTURE
250 _a1ST
260 _bAITBS
_aDELHI
_c2004
300 _a1-171
650 _aPROSTHODONTICS
942 _2ddc
_cBK
999 _c2682
_d2682